| 000 | 01340nam a22003497a 4500 | ||
|---|---|---|---|
| 999 |
_c1226 _d1226 |
||
| 001 | 004389 | ||
| 003 | CoMeUDC004389 | ||
| 005 | 20211027173959.0 | ||
| 008 | 110124s2010 ck grl 00110 spa d | ||
| 015 | _ack-2010-xxxx | ||
| 020 | _z9588336565 | ||
| 040 |
_aCO-BoBLA _bspa _cCO-UdeC |
||
| 041 | 0 | _aspa | |
| 043 | _as-ck--- | ||
| 082 | 0 | 4 |
_a388.31 _bD542 |
| 100 |
_91555 _aDíaz Mora, Luis Carlos. |
||
| 130 | 1 | _aColombia. | |
| 240 | 1 | 0 | _aCódigo nacional de tránsito terrestre |
| 245 | 1 | 0 |
_aCódigo nacional de tránsito terrestre automotor y suplemento normativo : _bLey 769 de 2002, Ley 1383 de 2010 y demás normativa vigente en materia de tránsito terrestre / _cLuis Carlos Díaz Mora. |
| 260 |
_aBogotá : _bLibrería Jurídica Sánchez R., _c2010. |
||
| 300 |
_a495 p. ; _c24 cm. |
||
| 500 | _aResolución 004775 de 2009 manuales de trámites para el registro o matrícula de vehículos. | ||
| 504 | _aIncluye índice | ||
| 630 | 1 | 0 | _aLey 769 de 2002. |
| 630 | 1 | 0 | _aLey 1383 de 2010. |
| 630 | 0 |
_aResolución 004775 de 2009. _91551 |
|
| 650 | 0 |
_aTrársito _x Legislación _z Colombia. _91552 |
|
| 650 | 0 |
_aLegislación en transporte _z Colombia. _91553 |
|
| 650 |
_aEmpresas de transporte _x Legislación _z Colombia. |
||
| 650 | 0 |
_aTrámites _x Vehículos _x Legislación _z Colombia. _91554 |
|
| 942 |
_2ddc _cBK |
||